| 000 | 00661nam a2200217Ia 4500 | ||
|---|---|---|---|
| 005 | 20230228093830.0 | ||
| 008 | 210716s2012 xx 000 0 und d | ||
| 020 | _a9788180549007 | ||
| 040 | _cAIMIT LIBRARY | ||
| 041 | _aeng | ||
| 082 |
_a658.1599 _21 _bJEEC |
||
| 100 |
_aJeevanandam, C. _973598 |
||
| 245 |
_aForeign exchange and risk management / _cBy C Jeevanandam. |
||
| 250 | _a1st ed. | ||
| 260 |
_aNew Delhi : _bSultan chand & sons , _c2012. |
||
| 300 |
_axx,432p. ; _bPB _c24 cm |
||
| 650 |
_aRisk management _973599 |
||
| 650 |
_aExchange arithmetic _973600 |
||
| 650 |
_aFinance of foreign trade _973601 |
||
| 942 |
_2ddc _cBK _e1st _k658.1599 JEEC |
||
| 999 |
_c207259 _d207259 |
||